| 000 | 01297nam a2200325 c 4500 | ||
|---|---|---|---|
| 003 | BLK | ||
| 005 | 20230913165915.0 | ||
| 008 | 180410b bul|||||r ||||||| ||bul|| | ||
| 010 | _aKNG00161371000 | ||
| 020 |
_a978-954-8308-77-9 _bиздат.: Персей |
||
| 040 | _aBLK | ||
| 041 |
_aBUL _cBUL |
||
| 072 | 7 |
_2bullib _aН8400 _xБългарска поезия Н |
|
| 080 |
_aБългарска литература _b821.163.2 _x-1 _z821.163.2-1 |
||
| 100 | 1 |
_aЕвтимов, Евтим Михалушев _eпърви автор _9365147 |
|
| 700 | 1 |
_aДабижева, Деница _eфотогр. _957831 |
|
| 139 |
_aЕвтимов, Евтим Михалушев _bЕ 22 |
||
| 245 | 1 | 0 |
_aОтец Паисий обикаля още ... _b69 (не)любовни стихотворения _cЕвтим Михалушев Евтимов; фотогр. Деница Дабижева. |
| 257 | _aBGR | ||
| 260 |
_аСофия _bПерсей _c2011 _fСофия : Илинда |
||
| 300 |
_a96 с. _bс ил., портр. _c20 см |
||
| 380 | _aX | ||
| 659 | _aН | ||
| 852 | _aЦб 269119 | ||
| 856 | 4 |
_qpdf _u |
|
| 856 | 4 |
_qpdf _u |
|
| 942 |
_cKNG _n0 _01 |
||
| 944 |
_aCR _c29.05.2014 _k30564 _lГалина Якимова |
||
| 944 |
_aED _c10.02.2015 _kГрета_Цуфелде |
||
| 999 |
_c154730 _d154730 |
||